Kvalita hotelového produktu diplomová práca

Guardado en:
Detalles Bibliográficos
Autor principal: Tomkuliaková, Zuzana
Autor Corporativo: Obchodná fakulta EU. Katedra služieb a cestovného ruchu - zrušené
Otros Autores: Valenteová, Katarína
Formato: Libro
Lenguaje:eslovaco
Publicado: Bratislava 2012
Etiquetas: Agregar Etiqueta
Sin Etiquetas, Sea el primero en etiquetar este registro!

MARC

LEADER 00000nbm a2200000 4500
001 0159044
005 20161109102225.7
041 0 |a slo 
044 |a SK 
245 1 0 |a Kvalita hotelového produktu  |b diplomová práca  |c Zuzana Tomkuliaková ; školiteľ: Katarína Valenteová 
264 1 |a Bratislava  |c 2012 
300 |a 71 s. 
100 1 |a Tomkuliaková, Zuzana 
700 1 |a Valenteová, Katarína 
710 2 |a Obchodná fakulta EU. Katedra služieb a cestovného ruchu - zrušené